Queer Japan from the Pacific War to the Internet Age (Record no. 1319259)

MARC details
000 -LEADER
fixed length control field 00615nam a2200205Ia 4500
005 - DATE AND TIME OF LATEST TRANSACTION
control field 20250507130350.0
008 - FIXED-LENGTH DATA ELEMENTS--GENERAL INFORMATION
fixed length control field 008 250505s9999 xx 000 0 eng d
020 ## - INTERNATIONAL STANDARD BOOK NUMBER
International Standard Book Number 1920525054335
037 ## - SOURCE OF ACQUISITION
Stock number Annuals, Advances
040 ## - CATALOGING SOURCE
Original cataloging agency EASL
Language of cataloging eng
Transcribing agency EASL
041 ## - LANGUAGE CODE
Language code of text/sound track or separate title eng
Source of code eng
084 ## - COLON CLASSIFICATION NUMBER
Classification number Y12:1.42, P5
Assigning agency EASL
100 ## - MAIN ENTRY--PERSONAL NAME
Personal name Mclelland Mark
245 #0 - TITLE STATEMENT
Title Queer Japan from the Pacific War to the Internet Age
260 ## - PUBLICATION, DISTRIBUTION, ETC.
Place of publication, distribution, etc. USA
Name of publisher, distributor, etc. Lanham Rowman & Littlefield Publishers
Date of publication, distribution, etc. 2005
300 ## - PHYSICAL DESCRIPTION
Extent viii,247p.
490 ## - SERIES STATEMENT
Series statement Asian voices
942 ## - ADDED ENTRY ELEMENTS (KOHA)
Koha item type Textual
Classification part Y12:1.42, P5

No items available.

Copyright @ Delhi University Library System